| 000 | 01185nam a2200229Ia 4500 | ||
|---|---|---|---|
| 001 | L235-7392 | ||
| 003 | IT-CnALBA | ||
| 008 | 170116s9999||||xx |||||||||||||| ||und|| | ||
| 040 |
_aIT-CnALBA _cIT-CnALBA |
||
| 041 | _aITALIANO | ||
| 100 | _aROSSI P. M. ALESSIO, OSM. | ||
| 245 | 0 | _aLA DIVINA MAESTRA. PAGINE DI ASCETICA MARIANA. | |
| 250 | _a1a ed. | ||
| 260 |
_aCINISELLO BALSAMO (MI) _bEDIZIONI PAOLINE _c1950 [1° Ed.:1950 - Ed.Ling.Originale: 1950] |
||
| 300 | _a144 p. (prefazione: 711) | ||
| 500 | _aMARIA DIVINA MAESTRA. ASSENSO DELLA VERGINE. VITA DI FEDE. PREGHIERA DI MARIA. VOLONTÀ DI DIO. PROVVIDENZA. OBBEDIENZA. VOCAZIONE. UMILTÀ. TESTAMENTO DI GESÙ. LA MADONNA NELL'ANTICO TESTAMENTO IN S. PAOLO E NEI VANGELI. | ||
| 501 | _aSocietà San Paolo EM - Piazza San Paolo, 14 - 12051 ALBA (CN) (non commercial uses only) ® Copyright 2017 | ||
| 520 | _aMARIA DIVINA MAESTRA. ASSENSO DELLA VERGINE. VITA DI FEDE. PREGHIERA DI MARIA. VOLONTÀ DI DIO. PROVVIDENZA. OBBEDIENZA. VOCAZIONE. UMILTÀ. TESTAMENTO DI GESÙ. LA MADONNA NELL'ANTICO TESTAMENTO IN S. PAOLO E NEI VANGELI. | ||
| 650 | _aMARIA SS. ANGELI SANTI DEMONI | ||
| 942 | _cBK | ||
| 957 | _71 | ||
| 999 |
_a8368 _bNO _g Copie: 1 _c266574 _d266574 |
||